Multiples facetas de la tasa de interés (Registro nro. 18277)

Detalles MARC
000 -LEADER
fixed length control field 00329 a2200109 4500
001 - CONTROL NUMBER
control field ART_15815
005 - DATE AND TIME OF LATEST TRANSACTION
control field 20260410161736.0
008 - FIXED-LENGTH DATA ELEMENTS--GENERAL INFORMATION
fixed length control field 260409a
100 1# - MAIN ENTRY--PERSONAL NAME
Personal name Marcel, Alberto E.
245 10 - TITLE STATEMENT
Title Multiples facetas de la tasa de interés
773 0# - HOST ITEM ENTRY
Title Ejecutivos de finanzas
Related parts - Año 7, Nº 59 (sep. 1989)
Record control number REV2863

No hay ítems disponibles.